| 000 | 00533nam a22001577a 4500 | ||
|---|---|---|---|
| 020 | _qHard Cover. | ||
| 082 | _a621.3 | ||
| 100 | _aHaider, Hassaan | ||
| 245 |
_aRecovery of Compressively Sampled Biomedical Images using Iterative Thresholding Algorithms _cHassaan Haider |
||
| 260 |
_aIslamabad : _bCEME - NUST, _c2014. |
||
| 300 |
_axiv, 76 p. : ill. ; _c30cm. |
||
| 650 |
_aElectrical Engineering-MS-Thesis _916073 |
||
| 700 |
_aDr. Usman Ali _931516 |
||
| 942 |
_2ddc _cTHE |
||
| 999 |
_c540477 _d540477 |
||